Derecho comercial, sociedades comerciales: doctrinas esenciales 1936-2008

Uloženo v:
Podrobná bibliografie
Hlavní autoři: Anaya, Jaime L (Autor), Alegría, Héctor (Autor)
Médium: Kniha
Jazyk:španělština
Vydáno: Buenos Aires Revista Jurídica Argentina La Ley 2008
Vydání:1a. ed
Témata:
Tagy: Přidat tag
Žádné tagy, Buďte první, kdo vytvoří štítek k tomuto záznamu!

MARC

LEADER 00000nam a2200000 a 4500
001 UCH5022
003 CL-VaPUC
008 090916e20080000AG |||||||||||||||||spa|d
020 |a 9789870313519 
082 0 4 |a 346.07  |b ANA  |2 21 
100 0 |a Anaya, Jaime L  |e author  |9 541138 
700 0 |a Alegría, Héctor  |e author  |9 541139 
245 1 0 |a Derecho comercial, sociedades comerciales: doctrinas esenciales 1936-2008 
250 |a 1a. ed 
300 |a 4 t 
942 |c BK 
945 |d 20090916 00:00:00  |a rbrito 
260 |a Buenos Aires  |b Revista Jurídica Argentina La Ley  |c 2008 
650 0 |a Derecho comercial   |9 256340 
650 0 |a Sociedades anónimas  |9 255387 
650 7 |a SOCIEDAD COMERCIAL  |2 CL-VaPUC  |9 541140 
650 0 |a Derecho administrativo  |9 254851 
650 0 |a Personalidad jurídica   |9 315329 
650 0 |a Asociaciones   |9 257659 
650 7 |a ESTATUTO SOCIAL  |2 CL-VaPUC  |9 384724 
650 0 |a Capital   |9 263726 
650 0 |a Medidas cautelares  |9 256590 
650 7 |a RESPONSABILIDAD CIVIL  |2 CL-VaPUC  |9 541141 
650 0 |a Acciones  |9 334173 
583 |a last modification  |c 20090916 00:00:00  |k Rodrigo Vera 
999 |c 336250  |d 336248 
952 |0 0  |1 0  |4 0  |6 346_070000000000000_ANA_2008  |7 0  |8 A  |9 427246  |a BIBDER  |b BIBDER  |d 2019-11-22  |h t.1  |i 4601866  |o 346.07 ANA 2008  |p 4601866  |r 2023-01-25  |w 2019-11-22  |y BK  |k DER 
952 |0 0  |1 0  |4 0  |6 346_070000000000000_ANA_2008  |7 0  |8 A  |9 427247  |a BIBDER  |b BIBDER  |d 2019-11-22  |h t.2  |i 4601874  |o 346.07 ANA 2008  |p 4601874  |r 2023-01-25  |w 2019-11-22  |y BK  |k DER 
952 |0 0  |1 0  |4 0  |6 346_070000000000000_ANA_2008  |7 0  |8 A  |9 427248  |a BIBDER  |b BIBDER  |d 2019-11-22  |h t.3  |i 4601882  |o 346.07 ANA 2008  |p 4601882  |r 2023-01-25  |w 2019-11-22  |y BK  |k DER 
952 |0 0  |1 0  |4 0  |6 346_070000000000000_ANA_2008  |7 0  |8 A  |9 427249  |a BIBDER  |b BIBDER  |d 2019-11-22  |h t.4  |i 4601890  |o 346.07 ANA 2008  |p 4601890  |r 2023-01-25  |w 2019-11-22  |y BK  |k DER